8 mots dans mots : tir (mort subite) - Statistiques

Statistiques générales
  • Ce quiz a été pris 24 fois
  • Le résultat moyen est 5 sur 8
Answers on the Grid
Answers color-coded by a green-red scale on the quiz's grid according to % correct below.
An---edéposition
Extraterri---ialité
Désen---tiller
Désassor---
Con---sionner
Mul---écidiviste
An---épublicain
Magnét---ésistance
Reconver---
Intersec---ielle
Au---adiographie
Interver---
Réper---ier
Désinves---
Protohis---ique
An---églementaire
 
Statistiques - réponses
Réponse % Correct
An---épublicain
79%
Mul---écidiviste
74%
Désassor---
68%
Reconver---
68%
An---églementaire
63%
Désinves---
63%
Interver---
58%
An---edéposition
42%
Aucun quiz correspondant
Distribution des résultats
% des personnes avec chaque résultat
Percentile par nombre de réponses
Votre historique - résultats
Vous n’avez pas pris ce quiz